| 000 | 00729 a2200217 4500 | ||
|---|---|---|---|
| 999 |
_c3286 _d3286 |
||
| 003 | dpl | ||
| 005 | 20190128161649.0 | ||
| 008 | 190128b ||||| |||| 00| 0 eng d | ||
| 010 | _aENG-85660 | ||
| 020 | _c130.00 | ||
| 035 | _aEN-69193, B-006736 | ||
| 037 | _bD.B.Act / Pub | ||
| 040 | _c0 | ||
| 082 | 1 | 4 | _a657.42 |
| 100 | 1 | _aBhatta, H. S. Mahableshwara | |
| 245 | 1 |
_aCost accounting _bfor forth semester, BBM Banglore Universty _cby H. S. Mahableshwaara Bhatta |
|
| 260 |
_aMumbai _bHimalaya Publishing House _c2006 |
||
| 270 |
_a"Ramdoot", Dr. Bhalerao Marg, Girgaon _bMumbai _e400 004 _k022-23860170, 022-23863863 _l022-23877178 _mhimpub@vsnl.net.in |
||
| 300 |
_a330 p. _c24 cm ( Pbk.) |
||
| 942 |
_adpl _cEN _k657.42 / BHA _2ddc |
||